Statistics for Abraham Lincoln Quotes Quiz

Click here to take the quiz!

General Stats

  • This quiz has been taken 686 times
    (684 since last reset)
  • The average score is 6 of 9

Answer Stats

QuoteAnswer% Correct
A house _______ against itself cannot stand.divided
94%
Four _____ and seven years ago our fathers brought forth on this continent, a new nation, conceived in Liberty, and dedicated to the proposition that all men are created equal.score
91%
You can fool some of the people all of the time, and all of the people some of the time, but you can not fool all of the people ___ of the time.all
90%
And in the end, it’s not the years in your life that count. It’s the life in your _____.years
86%
Those who deny _______ to others deserve it not for themselves.freedom
79%
If you look for the ___ in people expecting to find it, you surely will.bad
63%
I walk slowly, but I never walk ________.backward
24%
Ballots are the rightful and peaceful successors to _______.bullets
22%
Most folks are as _____ as they make up their minds to be.happy
22%

Score Distribution

Percentile by Number Answered

Percent of People with Each Score

Your Score History

You have not taken this quiz since the last reset